جريمة استهداف إثارة الحرب الأهلية عبر وسائل الأعلام / (رقم التسجيلة. 141072)

تفاصيل مارك
000 -الفاتح
عناصر البيانات ثابتة الطول 00854cam a2200217 i 4500
005 - تاريخ ووقت آخر معاملة
حقل ضبط 20260125092024.0
008 - عناصر البيانات ثابتة الطول
عناصر البيانات ثابتة الطول 250721s2018 ua gr 000 0 ara d
020 ## - الترقيم الدولي المعياري للكتب (ردمك)
الترقيم الدولي المعياري للكتب (ردمك) 9789776567818
082 14 - رقم تصنيف ديوي العشري
رقم التصنيف 345.02
رقم المادة م و س
100 1# - مدخل رئيسي – اسم شخصي
الاسم الشخصي الموسوي، عودة يوسف سليمان
علاقة الشخص بالعمل/ دوره مؤلف.
245 10 - بيان العنوان
العنوان جريمة استهداف إثارة الحرب الأهلية عبر وسائل الأعلام /
بيان المسؤولية الدكتور عودة يوسف سلمان الموسوي.
250 ## - بيان الطبعة
بيان الطبعة الطبعة الأولى.
264 31 - بيانات النشر، التوزيع…إلخ
مكان النشر، التوزيع...إلخ القاهرة :
اسم الناشر، الموزع...إلخ المركز العربي للنشر والتوزيع،
تاريخ النشر، التوزيع...إلخ 2018.
300 ## - الوصف المادي
عدد الوحدات المكونة للوعاء 482 صفحة.
650 17 - مدخل إضافي بالموضوع - مصطلح موضوعي
مصطلح موضوعي أو اسم جغرافي كعنصر مدخل القانون الجنائي.
650 17 - مدخل إضافي بالموضوع - مصطلح موضوعي
مصطلح موضوعي أو اسم جغرافي كعنصر مدخل الجريمة.
650 17 - مدخل إضافي بالموضوع - مصطلح موضوعي
مصطلح موضوعي أو اسم جغرافي كعنصر مدخل الحرب الاهلية.
650 17 - مدخل إضافي بالموضوع - مصطلح موضوعي
مصطلح موضوعي أو اسم جغرافي كعنصر مدخل الإعلام.
942 ## - بيانات إضافية (كوها)
نوع التنصيف Dewey Decimal Classification
نوع المادة (كوها) كتب
المقتنيات
حالة السحب حالة الفقدان مصدر التصنيف حالة التلف غير قابل للإعارة المكتبة الرئيسية المكتبة الحالية موقع الرف تاريخ التزويد الرقم المتسلسل Total Checkouts رقم الإستدعاء الباركود تاريخ آخر ظهور تاريخ الفاتورة نوع المادة (كوها)
    Dewey Decimal Classification     المكتبة المركزية المكتبة المركزية الإعارة 28/07/2025 1728509   345.02 / م و س PLD00478777 28/07/2025 28/07/2025 كتب
Implemented & Customized by: BBB with SCIT (Smart Chains for Information Technology)

Powered by Koha